[Event "1 Bundesliga 2007/2008"]
[Site "Graz"]
[Date "2007.12.01"]
[Round "2"]
[Board "6"]
[White "Duer, Werner"]
[Black "Lendwai, Reinhard"]
[Result "0-1"]
[WhiteElo "2272"]
[BlackElo "2423"]
[PlyCount "106"]
[EventDate "2007.11.30"]
[EventType "team"]
[EventRounds "11"]
[EventCountry "AUT"]
[WhiteTeam "SK Absam"]
[BlackTeam "SK Advisory Invest Baden"]

1.d4 e6 2.Nf3 c5 3.e3 Nf6 4.Bd3 b6 5.O-O Bb7 6.c4 Be7 7.Nc3 a6 8.b3 cxd4 9.exd4
d5 10.Bb2 O-O 11.Qe2 dxc4 12.bxc4 Nbd7 13.a4 Qc7 14.Rac1 Qf4 15.Qe3 Qc7 16.Ne5
Nxe5 17.dxe5 Nd7 18.Qh3 h6 19.f4 Nc5 20.Bc2 Rad8 21.Rf2 f5 22.exf6 Bxf6 23.Qg4
Bd4 24.Nd1 Qxf4 25.Qxf4 Rxf4 26.Bxd4 Rfxd4 27.Ne3 Rd2 28.Rcf1 Rxf2 29.Rxf2 Bc6
30.h4 Bxa4 31.Bg6 Be8 32.Bb1 h5 33.Kh2 a5 34.g4 hxg4 35.Nxg4 Rd4 36.Kg3 Rxc4
37.Ne5 Re4 38.Nf3 Rb4 39.Bc2 Ne4+ 40.Bxe4 Rxe4 41.Ng5 Re5 42.Rc2 a4 43.Rc8 Kf8
44.Kf4 Re1 45.Ra8 Ke7 46.Ra6 Rb1 47.Ne4 Bd7 48.Ra7 Rb3 49.Nd2 Rb5 50.Ke3 Re5+
51.Kd4 Rh5 52.Nf3 Kd6 53.Ra6 Bc6

[Event "1 Bundesliga 2007/2008"]
[Site "Graz"]
[Date "2007.12.01"]
[Round "2"]
[Board "1"]
[White "Ragger, Markus"]
[Black "Markos, Jan"]
[Result "1/2-1/2"]
[WhiteElo "2530"]
[BlackElo "2565"]
[PlyCount "49"]
[EventDate "2007.11.30"]
[EventType "team"]
[EventRounds "11"]
[EventCountry "AUT"]
[WhiteTeam "SK KlZtgMPOe Maria Saal"]
[BlackTeam "ASVOe Pamhagen"]

1.e4 c5 2.Nf3 Nc6 3.d4 cxd4 4.Nxd4 Nf6 5.Nc3 e5 6.Ndb5 d6 7.Bg5 a6 8.Na3 b5
9.Nd5 Be7 10.Bxf6 Bxf6 11.c3 O-O 12.Nc2 Rb8 13.a4 bxa4 14.Ncb4 Nxb4 15.cxb4 Bb7
16.Rxa4 Bc6 17.Bxa6 Bxa4 18.Qxa4 Bg5 19.O-O Kh8 20.b5 Qd7 21.Qc4 f5 22.exf5 Qxf5
23.b6 e4 24.b7 Qe5 25.Nb4

[Event "1 Bundesliga 2007/2008"]
[Site "Graz"]
[Date "2007.12.01"]
[Round "2"]
[Board "2"]
[White "Antoniewski, Rafal"]
[Black "Pavasovic, Dusko"]
[Result "0-1"]
[WhiteElo "2510"]
[BlackElo "2601"]
[PlyCount "110"]
[EventDate "2007.11.30"]
[EventType "team"]
[EventRounds "11"]
[EventCountry "AUT"]
[WhiteTeam "ASVOe Pamhagen"]
[BlackTeam "SK KlZtgMPOe Maria Saal"]

1.e4 e5 2.Nf3 Nc6 3.Bb5 a6 4.Ba4 Nf6 5.O-O b5 6.Bb3 Bc5 7.c3 d6 8.a4 Rb8 9.d4
Bb6 10.a5 Ba7 11.h3 Bb7 12.Re1 O-O 13.Be3 exd4 14.cxd4 Nb4 15.d5 Bxe3 16.Rxe3 c5
17.Nbd2 Nd7 18.Bc2 Qf6 19.Rb1 Rbe8 20.Nf1 Ne5 21.N3d2 g6 22.Ng3 Re7 23.Rc3 Rfe8
24.Qf1 c4 25.Ne2 Ned3 26.Bxd3 Nxd3 27.b3 Bxd5 28.bxc4 Bxc4 29.Nxc4 bxc4 30.Rxc4
Rxe4 31.Rxe4 Rxe4 32.Ng3 Rd4 33.Qe2 Kg7 34.Rb6 Nc5 35.Rb8 Qe6 36.Qf3 h5 37.Rb1
Rd3 38.Qf4 Qf6 39.Qb4 Qd4 40.Qxd4+ Rxd4 41.Ne2 Ra4 42.Rb6 Rxa5 43.Rxd6 Ra1+
44.Kh2 Ne4 45.Rd4 Nxf2 46.Kg3 Nd1 47.Kf4 Nb2 48.Ke3 Ra3+ 49.Kd2 Na4 50.Rc4 Nb6
51.Rc5 Nd7 52.Rd5 Ra2+ 53.Kd3 Nf8 54.g3 Ne6 55.Ke3 h4

[Event "1 Bundesliga 2007/2008"]
[Site "Graz"]
[Date "2007.12.01"]
[Round "2"]
[Board "4"]
[White "Alvir, Aco"]
[Black "Tratar, Marko"]
[Result "1/2-1/2"]
[WhiteElo "2362"]
[BlackElo "2507"]
[PlyCount "129"]
[EventDate "2007.11.30"]
[EventType "team"]
[EventRounds "11"]
[EventCountry "AUT"]
[WhiteTeam "ASVOe Pamhagen"]
[BlackTeam "SK KlZtgMPOe Maria Saal"]

1.e4 e6 2.d4 d5 3.Nc3 Nf6 4.Bg5 dxe4 5.Nxe4 Nbd7 6.Nf3 h6 7.Bxf6 Nxf6 8.Bd3 Be7
9.Qd2 O-O 10.O-O-O Qd5 11.Nxf6+ Bxf6 12.Kb1 c5 13.Qe2 cxd4 14.Be4 Qc5 15.g4 g6
16.Ne1 e5 17.Nd3 Qd6 18.h4 Bg7 19.f4 exf4 20.Qf3 Bd7 21.Nxf4 Bc6 22.h5 g5 23.Nd3
Rae8 24.Rhe1 Rxe4 25.Rxe4 Bxe4 26.Qxe4 Qc6 27.Qf5 Qe6 28.Qf3 Qc6 29.Qf5 Qe6
30.Qf3 f5 31.gxf5 Qxf5 32.Qxb7 Qf3 33.Qxf3 Rxf3 34.b4 Rh3 35.a4 Rxh5 36.Rg1 Rh3
37.b5 Rf3 38.Ka2 Rf7 39.a5 Rf5 40.Rb1 Bf6 41.Ka3 g4 42.Ka4 Bd8 43.Nb4 Bc7 44.Nc6
Rf4 45.Kb3 g3 46.Rg1 Rf3+ 47.Kc4 h5 48.Nxd4 Rf6 49.b6 axb6 50.a6 h4 51.a7 Rf8
52.Ne6 Rc8 53.Kd5 Bd8 54.Ke4 Kf7 55.Kf5 Ra8 56.Nxd8+ Rxd8 57.Rd1 Ra8 58.Kg4 Rxa7
59.Kxh4 Rc7 60.Kxg3 Rxc2 61.Rd6 Rb2 62.Kf4 Ke7 63.Rh6 Kd7 64.Ke4 Kc7 65.Kd3

[Event "1 Bundesliga 2007/2008"]
[Site "Graz"]
[Date "2007.12.01"]
[Round "2"]
[Board "5"]
[White "Kreisl, Robert"]
[Black "Lipka, Juraj"]
[Result "1/2-1/2"]
[WhiteElo "2322"]
[BlackElo "2438"]
[PlyCount "28"]
[EventDate "2007.11.30"]
[EventType "team"]
[EventRounds "11"]
[EventCountry "AUT"]
[WhiteTeam "SK KlZtgMPOe Maria Saal"]
[BlackTeam "ASVOe Pamhagen"]

1.e4 e5 2.Nf3 Nc6 3.Bb5 Nf6 4.d3 d6 5.O-O g6 6.d4 Bd7 7.Re1 Bg7 8.d5 Ne7 9.Bxd7+
Nxd7 10.Be3 h6 11.c4 f5 12.exf5 gxf5 13.Nc3 O-O 14.Rb1 a5

[Event "1 Bundesliga 2007/2008"]
[Site "Graz"]
[Date "2007.12.01"]
[Round "2"]
[Board "1"]
[White "Rozentalis, Eduardas"]
[Black "Shengelia, Davit"]
[Result "1/2-1/2"]
[WhiteElo "2567"]
[BlackElo "2568"]
[PlyCount "53"]
[EventDate "2007.11.30"]
[EventType "team"]
[EventRounds "11"]
[EventCountry "AUT"]
[WhiteTeam "SK Hohenems"]
[BlackTeam "Styria Graz"]

1.e4 c6 2.d4 d5 3.Nc3 dxe4 4.Nxe4 Bf5 5.Ng3 Bg6 6.Bc4 e6 7.N1e2 Bd6 8.Nf4 Nf6
9.h4 Qc7 10.h5 Bxc2 11.Nxe6 Bxd1 12.Nxc7+ Bxc7 13.Kxd1 O-O 14.Nf5 Nbd7 15.f3 Nb6
16.Bb3 Nbd5 17.g4 Rfe8 18.g5 Nd7 19.Bxd5 cxd5 20.Bd2 Nf8 21.Rc1 Ne6 22.Re1 Bb6
23.g6 fxg6 24.Nd6 gxh5 25.Nxe8 Rxe8 26.Re5 Bxd4 27.Rxh5

[Event "1 Bundesliga 2007/2008"]
[Site "Graz"]
[Date "2007.12.01"]
[Round "2"]
[Board "3"]
[White "Naumann, Alexander"]
[Black "Luther, Thomas"]
[Result "1/2-1/2"]
[WhiteElo "2541"]
[BlackElo "2526"]
[PlyCount "25"]
[EventDate "2007.11.30"]
[EventType "team"]
[EventRounds "11"]
[EventCountry "AUT"]
[WhiteTeam "SK Hohenems"]
[BlackTeam "Styria Graz"]

1.d4 d5 2.c4 c6 3.Nf3 Nf6 4.e3 Bg4 5.cxd5 Bxf3 6.Qxf3 cxd5 7.Nc3 e6 8.Bd3 Nc6
9.O-O Be7 10.Bd2 O-O 11.Rac1 Rc8 12.Qe2 a6 13.f4

[Event "1 Bundesliga 2007/2008"]
[Site "Graz"]
[Date "2007.12.01"]
[Round "2"]
[Board "6"]
[White "Hatzl, Stefan"]
[Black "Atlas, Dimitry"]
[Result "0-1"]
[WhiteElo "2149"]
[BlackElo "2299"]
[PlyCount "68"]
[EventDate "2007.11.30"]
[EventType "team"]
[EventRounds "11"]
[EventCountry "AUT"]
[WhiteTeam "Styria Graz"]
[BlackTeam "SK Hohenems"]

1.e4 e6 2.d4 d5 3.Nc3 Bb4 4.e5 c5 5.a3 Bxc3+ 6.bxc3 Ne7 7.Qg4 Kf8 8.a4 b6 9.Qd1
Ba6 10.Bb5 Bxb5 11.axb5 Qe8 12.dxc5 Qxb5 13.cxb6 Qxb6 14.Nf3 Qc7 15.O-O Qxc3
16.Ra3 Qc7 17.Nd4 Nbc6 18.Rc3 Qd7 19.Nxc6 Nxc6 20.Ba3+ Kg8 21.Bd6 Rc8 22.Qa1 h6
23.Rb1 Kh7 24.Qa6 f5 25.Rb7 Qe8 26.Rxg7+ Kxg7 27.Qb7+ Ne7 28.Bxe7 Rxc3 29.Bf6+
Kg6 30.Qg7+ Kh5 31.h3 Rxh3 32.Qxa7 Rg8 33.Qa6 Qg6 34.Qe2+ Qg4

[Event "1 Bundesliga 2007/2008"]
[Site "Graz"]
[Date "2007.12.01"]
[Round "2"]
[Board "4"]
[White "Korneev, Oleg"]
[Black "Genser, Harald"]
[Result "1-0"]
[WhiteElo "2645"]
[BlackElo "2351"]
[PlyCount "73"]
[EventDate "2007.11.30"]
[EventType "team"]
[EventRounds "11"]
[EventCountry "AUT"]
[WhiteTeam "Holz Dohr"]
[BlackTeam "SC Die Klagenfurter"]

1.e4 c6 2.d4 d5 3.e5 Bf5 4.Nc3 e6 5.Bd3 Bxd3 6.Qxd3 Ne7 7.Nf3 Nf5 8.Bg5 Be7 9.h4
h5 10.Ne2 Qa5+ 11.c3 c5 12.O-O Nc6 13.Ng3 g6 14.dxc5 Qxc5 15.b4 Qb6 16.Nxf5 gxf5
17.Rfe1 Bxg5 18.Nxg5 Ne7 19.c4 dxc4 20.Qxc4 Rc8 21.Qb3 Nd5 22.Rac1 Ke7 23.a3 Qd4
24.Rcd1 Rc3 25.Qa4 Qxh4 26.Rxd5 Qxg5 27.Rd7+ Kf8 28.Qxa7 Rc1 29.Rdd1 Rxd1
30.Rxd1 h4 31.Qxb7 h3 32.g3 f4 33.Qa8+ Kg7 34.Qf3 Rh4 35.Kh2 fxg3+ 36.Qxg3 Rg4
37.Qxg4

[Event "1 Bundesliga 2007/2008"]
[Site "Graz"]
[Date "2007.12.01"]
[Round "2"]
[Board "1"]
[White "Lanka, Zigurds"]
[Black "Gyimesi, Zoltan"]
[Result "1-0"]
[WhiteElo "2475"]
[BlackElo "2605"]
[PlyCount "59"]
[EventDate "2007.11.30"]
[EventType "team"]
[EventRounds "11"]
[EventCountry "AUT"]
[WhiteTeam "Mayrhofen/Zillertal"]
[BlackTeam "Union Ansfelden"]

1.e4 e5 2.Nf3 Nc6 3.Bb5 a6 4.Ba4 Nf6 5.O-O Be7 6.Re1 b5 7.Bb3 O-O 8.h3 Bb7 9.d3
d6 10.Bd2 Nd7 11.a3 Kh8 12.Nc3 Nc5 13.Ba2 Qd7 14.Nd5 Ne6 15.c3 Rae8 16.d4 exd4
17.cxd4 Ncxd4 18.Nxd4 Nxd4 19.Bc3 Ne6 20.Qg4 Rg8 21.Rad1 Bd8 22.Bb1 Nf8 23.Qh5
c6 24.Ne3 f6 25.Ng4 Qe7 26.e5 g6 27.Bxg6 Nxg6 28.exf6 Qf7 29.Nh6 Rxe1+ 30.Rxe1

[Event "1 Bundesliga 2007/2008"]
[Site "Graz"]
[Date "2007.12.01"]
[Round "2"]
[Board "2"]
[White "Ftacnik, Lubomir"]
[Black "Gross, David"]
[Result "1/2-1/2"]
[WhiteElo "2542"]
[BlackElo "2491"]
[PlyCount "63"]
[EventDate "2007.11.30"]
[EventType "team"]
[EventRounds "11"]
[EventCountry "AUT"]
[WhiteTeam "Union Ansfelden"]
[BlackTeam "Mayrhofen/Zillertal"]

1.Nf3 Nf6 2.c4 e6 3.g3 d5 4.d4 Bb4+ 5.Bd2 Be7 6.Bg2 O-O 7.O-O c6 8.Qc2 b6 9.Bf4
Ba6 10.b3 Nbd7 11.Rd1 Rc8 12.Nc3 Qe8 13.e4 dxc4 14.Nd2 e5 15.dxe5 Ng4 16.Bh3 h5
17.Nxc4 Bxc4 18.bxc4 Bc5 19.Bxg4 hxg4 20.Na4 Nxe5 21.Nxc5 bxc5 22.Kg2 Qe6
23.Bxe5 Qxe5 24.Rab1 Rce8 25.Rb7 Re6 26.Qe2 Qh5 27.f4 gxf3+ 28.Qxf3 Qe5 29.Rxa7
Qxe4 30.Qxe4 Rxe4 31.Rd6 Rxc4 32.Rxc6

[Event "1 Bundesliga 2007/2008"]
[Site "Graz"]
[Date "2007.12.02"]
[Round "3"]
[Board "1"]
[White "Gyimesi, Zoltan"]
[Black "Horvath, Tamas"]
[Result "1-0"]
[WhiteElo "2605"]
[BlackElo "2430"]
[PlyCount "51"]
[EventDate "2007.11.30"]
[EventType "team"]
[EventRounds "11"]
[EventCountry "AUT"]
[WhiteTeam "Union Ansfelden"]
[BlackTeam "RbEJ Gleisdorf"]

1.d4 Nf6 2.c4 c5 3.d5 e5 4.Nc3 d6 5.e4 Be7 6.Bd3 Nbd7 7.h3 O-O 8.Be3 Ne8 9.Qd2
g6 10.g4 Ng7 11.Nge2 f5 12.gxf5 gxf5 13.exf5 Nxf5 14.Bxf5 Rxf5 15.O-O-O Kh8
16.Rdg1 Rf7 17.Rg2 b5 18.Nxb5 Ba6 19.Nec3 Nf6 20.f4 exf4 21.Bxf4 Qd7 22.Rhg1
Bxb5 23.Nxb5 Ne4 24.Qe3 a6 25.Nxd6 Nxd6 26.Be5+

[Event "1 Bundesliga 2007/2008"]
[Site "Graz"]
[Date "2007.12.02"]
[Round "3"]
[Board "2"]
[White "Meszaros, Tamas"]
[Black "Ftacnik, Lubomir"]
[Result "1/2-1/2"]
[WhiteElo "2437"]
[BlackElo "2542"]
[PlyCount "104"]
[EventDate "2007.11.30"]
[EventType "team"]
[EventRounds "11"]
[EventCountry "AUT"]
[WhiteTeam "RbEJ Gleisdorf"]
[BlackTeam "Union Ansfelden"]

1.e4 c5 2.Nf3 d6 3.d4 cxd4 4.Nxd4 Nf6 5.Nc3 e6 6.Be2 Be7 7.O-O O-O 8.Be3 a6 9.f4
Qc7 10.g4 Nfd7 11.g5 Re8 12.Bd3 Bf8 13.Qh5 g6 14.Qh4 Nc6 15.Rf3 Bg7 16.Nde2 Nf8
17.Rh3 Ne7 18.Rf1 b5 19.Ng3 d5 20.e5 Bb7 21.Bd4 Rec8 22.b4 Qd8 23.a3 Rc6 24.Na2
Nf5 25.Nxf5 exf5 26.Nc1 Ne6 27.Qxh7+ Kf8 28.c3 a5 29.Nb3 axb4 30.axb4 Ra3 31.Nc5
Rxc5 32.bxc5 b4 33.Rb1 b3 34.Qh8+ Bxh8 35.Rxh8+ Ke7 36.Rxd8 Kxd8 37.Be3 b2
38.Rxb2 Rxc3 39.Rxb7 Rxd3 40.Kf2 d4 41.Bc1 Nxc5 42.Rxf7 Rc3 43.Bd2 Rc2 44.Ke1
Ne4 45.Rf8+ Kd7 46.Ba5 Ra2 47.Rd8+ Ke7 48.Bb6 Ra6 49.Bc7 Ra1+ 50.Ke2 Ra2+ 51.Ke1
Ra1+ 52.Ke2 Ra2+

[Event "1 Bundesliga 2007/2008"]
[Site "Graz"]
[Date "2007.12.02"]
[Round "3"]
[Board "4"]
[White "Frosch, Ronald"]
[Black "Weiss, Christian"]
[Result "1-0"]
[WhiteElo "2229"]
[BlackElo "2449"]
[PlyCount "81"]
[EventDate "2007.11.30"]
[EventType "team"]
[EventRounds "11"]
[EventCountry "AUT"]
[WhiteTeam "RbEJ Gleisdorf"]
[BlackTeam "Union Ansfelden"]

1.d4 c5 2.e3 e6 3.Nf3 Nf6 4.c3 b6 5.Bd3 Bb7 6.Nbd2 Be7 7.O-O Qc7 8.Qe2 d6 9.e4
Nbd7 10.g3 h6 11.b3 O-O 12.Bb2 Rfd8 13.Nh4 Nh7 14.f4 Ndf8 15.Ng2 Rac8 16.Rf2 Rd7
17.Raf1 Qd8 18.Ne3 cxd4 19.cxd4 Rdc7 20.h4 Bc6 21.f5 Be8 22.Bc4 Bd7 23.fxe6 fxe6
24.Qg4 Nf6 25.Rxf6 Bxf6 26.e5 dxe5 27.dxe5 Rxc4 28.Nexc4 Be7 29.Ne4 Rxc4 30.bxc4
Bc6 31.Nd6 Bxd6 32.exd6 Qd7 33.Rf6 e5 34.Qxd7 Bxd7 35.Rf1 e4 36.Kf2 Ne6 37.Ke3
Bc6 38.Bd4 Nf8 39.Rb1 Ba4 40.Rb4 Bc2 41.c5

[Event "1 Bundesliga 2007/2008"]
[Site "Graz"]
[Date "2007.12.02"]
[Round "3"]
[Board "6"]
[White "Perhinig, Robert"]
[Black "Knoll, Hermann"]
[Result "1-0"]
[WhiteElo "2272"]
[BlackElo "2386"]
[PlyCount "75"]
[EventDate "2007.11.30"]
[EventType "team"]
[EventRounds "11"]
[EventCountry "AUT"]
[WhiteTeam "RbEJ Gleisdorf"]
[BlackTeam "Union Ansfelden"]

1.d4 d6 2.e4 Nf6 3.f3 g6 4.Be3 c6 5.c4 Bg7 6.Nc3 O-O 7.Qd2 e5 8.d5 cxd5 9.cxd5
Na6 10.g4 Bd7 11.Bd3 Nc5 12.Nge2 Qb8 13.Ng3 b5 14.Be2 Rc8 15.b4 Na4 16.Nxa4 bxa4
17.Kf2 Bb5 18.Rhc1 Bxe2 19.Nxe2 Qb7 20.Rxc8+ Qxc8 21.Rc1 Qd7 22.Qc2 Ne8 23.Qc6
Qd8 24.Kg2 a3 25.Qa6 f5 26.h3 Bf8 27.Qxa3 Qd7 28.Qa6 Rb8 29.a3 Rb7 30.Qc6 f4
31.Qxd7 Rxd7 32.Bf2 Rb7 33.Rc8 Kf7 34.Nc1 a5 35.bxa5 Rc7 36.Rb8 Rxc1 37.a6 Ra1
38.Rb3

[Event "1 Bundesliga 2007/2008"]
[Site "Graz"]
[Date "2007.12.02"]
[Round "3"]
[Board "4"]
[White "Tabernig, Bernhard"]
[Black "Korneev, Oleg"]
[Result "0-1"]
[WhiteElo "2323"]
[BlackElo "2645"]
[PlyCount "58"]
[EventDate "2007.11.30"]
[EventType "team"]
[EventRounds "11"]
[EventCountry "AUT"]
[WhiteTeam "Mayrhofen/Zillertal"]
[BlackTeam "Holz Dohr"]

1.d4 d5 2.c4 c6 3.Nc3 Nf6 4.e3 e6 5.Bd2 Nbd7 6.Qc2 a6 7.O-O-O dxc4 8.Bxc4 b5
9.Be2 Bb7 10.Bf3 Qb6 11.Kb1 c5 12.Nge2 Rc8 13.dxc5 Nxc5 14.Rc1 Be7 15.Rhd1 O-O
16.Be1 Bxf3 17.gxf3 g6 18.Ng3 Qb7 19.Nce2 Qxf3 20.Nd4 Qb7 21.Qe2 h5 22.f4 h4
23.Nf1 Qe4+ 24.Ka1 Nd5 25.Qg4 Nd3 26.Rxc8 Rxc8 27.Bxh4 Bxh4 28.Qxh4 Nxe3 29.Nxe3
Qxd4

[Event "1 Bundesliga 2007/2008"]
[Site "Graz"]
[Date "2007.12.02"]
[Round "3"]
[Board "5"]
[White "Kosten, Anthony C"]
[Black "Schiestl, Josef"]
[Result "1-0"]
[WhiteElo "2511"]
[BlackElo "2138"]
[PlyCount "89"]
[EventDate "2007.11.30"]
[EventType "team"]
[EventRounds "11"]
[EventCountry "AUT"]
[WhiteTeam "Holz Dohr"]
[BlackTeam "Mayrhofen/Zillertal"]

1.Nf3 Nf6 2.g3 g6 3.b4 Bg7 4.Bb2 d6 5.Bg2 e5 6.O-O O-O 7.d3 a5 8.b5 Nbd7 9.a4
Nc5 10.Nbd2 e4 11.dxe4 Re8 12.e5 Ng4 13.Nb3 Nxb3 14.cxb3 Nxe5 15.Nxe5 Bxe5
16.Bxe5 Rxe5 17.Rc1 Rb8 18.f4 Re3 19.Qd2 Rxb3 20.Qxa5 Bg4 21.Qxc7 Ra3 22.Bd5 Be6
23.Rfd1 Bxd5 24.Rxd5 Qxc7 25.Rxc7 Ra2 26.Re7 Kf8 27.Re4 Re8 28.Rxe8+ Kxe8 29.Kf2
Rxa4 30.Rxd6 Rc4 31.Rb6 Rc7 32.Kf3 Re7 33.e4 Rc7 34.Kg4 Kf8 35.Rd6 Ke7 36.Rb6
Kf8 37.e5 Re7 38.Rd6 Kg7 39.b6 h6 40.Kf3 Kf8 41.Rd8+ Kg7 42.Rb8 h5 43.Ke4 f6
44.Rc8 Kf7 45.Rc7

[Event "1 Bundesliga 2007/2008"]
[Site "Graz"]
[Date "2007.12.02"]
[Round "3"]
[Board "6"]
[White "Petschar, Kurt"]
[Black "Hatzl, Stefan"]
[Result "1-0"]
[WhiteElo "2292"]
[BlackElo "2149"]
[PlyCount "67"]
[EventDate "2007.11.30"]
[EventType "team"]
[EventRounds "11"]
[EventCountry "AUT"]
[WhiteTeam "SC Die Klagenfurter"]
[BlackTeam "Styria Graz"]

1.e4 e6 2.d4 d5 3.Nd2 Nf6 4.Bd3 c5 5.e5 Nfd7 6.c3 Nc6 7.Ne2 Be7 8.O-O cxd4
9.cxd4 a5 10.Nf3 Nb6 11.Nf4 g6 12.Nh3 h6 13.Nf4 g5 14.Nh5 Bd7 15.a3 a4 16.h3 Na5
17.Be3 Nb3 18.Rb1 Rc8 19.Nh2 Nc4 20.Ng4 Bb5 21.Ngf6+ Bxf6 22.Nxf6+ Ke7 23.Bxc4
Rxc4 24.h4 Kf8 25.Re1 Qb6 26.Qh5 Nxd4 27.hxg5 Qa5 28.gxh6 Nf5 29.Bg5 Qb6 30.Rbc1
Ng3 31.Rxc4 Bxc4 32.Qd1 Qa7 33.Be3 d4 34.fxg3

[Event "1 Bundesliga 2007/2008"]
[Site "Graz"]
[Date "2007.12.02"]
[Round "3"]
[Board "5"]
[White "Lipka, Juraj"]
[Black "Amann, Guenter"]
[Result "1/2-1/2"]
[WhiteElo "2438"]
[BlackElo "2322"]
[PlyCount "37"]
[EventDate "2007.11.30"]
[EventType "team"]
[EventRounds "11"]
[EventCountry "AUT"]
[WhiteTeam "ASVOe Pamhagen"]
[BlackTeam "SK Hohenems"]

1.Nf3 d5 2.d4 e6 3.c4 Nf6 4.g3 c6 5.Qc2 dxc4 6.Qxc4 b5 7.Qd3 Bb7 8.Bg2 Nbd7
9.O-O a6 10.Be3 c5 11.dxc5 Bxc5 12.Bxc5 Nxc5 13.Qxd8+ Rxd8 14.Rc1 Nce4 15.Nc3
O-O 16.Nxe4 Bxe4 17.Rc7 Rd6 18.Rac1 h6 19.h3

[Event "1 Bundesliga 2007/2008"]
[Site "Graz"]
[Date "2007.12.02"]
[Round "3"]
[Board "6"]
[White "Atlas, Dimitry"]
[Black "Froschauer, Hans"]
[Result "1-0"]
[WhiteElo "2299"]
[BlackElo "2170"]
[PlyCount "71"]
[EventDate "2007.11.30"]
[EventType "team"]
[EventRounds "11"]
[EventCountry "AUT"]
[WhiteTeam "SK Hohenems"]
[BlackTeam "ASVOe Pamhagen"]

1.e4 e5 2.Bc4 Nf6 3.d3 Bc5 4.Nf3 d6 5.c3 O-O 6.Bb3 Nc6 7.O-O Bb6 8.Nbd2 Ne7
9.Nc4 Ng6 10.a4 c6 11.Nxb6 Qxb6 12.a5 Qc7 13.Bg5 Be6 14.Nh4 Nxh4 15.Bxh4 Bxb3
16.Qxb3 Nd7 17.f4 exf4 18.Rxf4 Ne5 19.d4 Ng6 20.Rg4 Qd7 21.h3 Qe6 22.Qxe6 fxe6
23.Bg3 Rad8 24.h4 e5 25.h5 Nf4 26.Bxf4 Rxf4 27.Rxf4 exf4 28.Kf2 Rf8 29.Kf3 Rf6
30.Rh1 g5 31.hxg6 Rxg6 32.Rh2 Rg5 33.a6 Rb5 34.b4 bxa6 35.Rh6 a5 36.bxa5

[Event "1 Bundesliga 2007/2008"]
[Site "Graz"]
[Date "2007.12.02"]
[Round "3"]
[Board "1"]
[White "Dizdar, Goran"]
[Black "Ragger, Markus"]
[Result "1-0"]
[WhiteElo "2564"]
[BlackElo "2530"]
[PlyCount "78"]
[EventDate "2007.11.30"]
[EventType "team"]
[EventRounds "11"]
[EventCountry "AUT"]
[WhiteTeam "SK Absam"]
[BlackTeam "SK KlZtgMPOe Maria Saal"]

1.Nf3 Nf6 2.g3 d5 3.Bg2 c6 4.O-O Bg4 5.c4 e6 6.d3 Nbd7 7.cxd5 exd5 8.h3 Bh5
9.Nc3 Bc5 10.Qb3 Bb6 11.Na4 O-O 12.Nxb6 axb6 13.Qc2 Re8 14.b3 Qe7 15.Re1 c5
16.e3 Nb8 17.Bb2 Nc6 18.Nh4 Bg6 19.a3 Rad8 20.Rad1 Qd6 21.f4 d4 22.e4 Nd7 23.e5
Qe6 24.g4 f5 25.Qc4 Qxc4 26.bxc4 Ne7 27.Bxb7 Nf8 28.Bf3 Ne6 29.Bc1 Rf8 30.Nxg6
hxg6 31.g5 Rd7 32.Bd2 Ra7 33.Ra1 Rb8 34.a4 Nd8 35.Reb1 Ndc6 36.a5 bxa5 37.Rxb8+
Nxb8 38.Rxa5 Rxa5 39.Bxa5 Kf7

[Event "1 Bundesliga 2007/2008"]
[Site "Graz"]
[Date "2007.12.02"]
[Round "3"]
[Board "2"]
[White "Pavasovic, Dusko"]
[Black "Rotstein, Arkadij"]
[Result "1/2-1/2"]
[WhiteElo "2601"]
[BlackElo "2548"]
[PlyCount "99"]
[EventDate "2007.11.30"]
[EventType "team"]
[EventRounds "11"]
[EventCountry "AUT"]
[WhiteTeam "SK KlZtgMPOe Maria Saal"]
[BlackTeam "SK Absam"]

1.e4 c5 2.Nf3 e6 3.c3 Nf6 4.e5 Nd5 5.d4 cxd4 6.cxd4 d6 7.Bc4 Nb6 8.Bd3 dxe5
9.dxe5 Na6 10.Qe2 Nc5 11.Bc2 Nd5 12.O-O Bd7 13.Nc3 Nxc3 14.bxc3 Be7 15.Nd4 Qa5
16.Bd2 Rc8 17.Rfe1 g6 18.Qg4 Na4 19.Qf3 Qc7 20.Bxa4 Bxa4 21.Bh6 Bc6 22.Qe3 Bd5
23.Bg7 Rg8 24.Qh6 Rxg7 25.Qxg7 Qxc3 26.Nb5 Qb4 27.Nd6+ Kd7 28.h3 Qf4 29.Nxc8 Bc5
30.Qf6 Bxf2+ 31.Kf1 Qxf6 32.exf6 Bxe1 33.Rxe1 Kxc8 34.Kf2 Bxa2 35.Ra1 Bd5
36.Rxa7 Kd7 37.g4 g5 38.Ra8 e5 39.Rg8 h6 40.Rh8 Ke6 41.Rxh6 b5 42.Rh8 Kxf6
43.Rb8 Bc4 44.Rb6+ Ke7 45.Ke3 Bf1 46.Ke4 f6 47.Rb7+ Ke6 48.Rb6+ Kf7 49.Kf3 Kg6
50.Rb8

[Event "1 Bundesliga 2007/2008"]
[Site "Graz"]
[Date "2007.12.02"]
[Round "3"]
[Board "5"]
[White "Schmittdiel, Eckhard"]
[Black "Kreisl, Robert"]
[Result "1/2-1/2"]
[WhiteElo "2417"]
[BlackElo "2322"]
[PlyCount "23"]
[EventDate "2007.11.30"]
[EventType "team"]
[EventRounds "11"]
[EventCountry "AUT"]
[WhiteTeam "SK Absam"]
[BlackTeam "SK KlZtgMPOe Maria Saal"]

1.Nf3 Nf6 2.c4 c6 3.b3 d5 4.Bb2 Bg4 5.e3 Nbd7 6.Be2 e6 7.O-O Bd6 8.h3 Bh5 9.d3
O-O 10.Nbd2 Qe7 11.Nd4 Bxe2 12.Qxe2

[Event "1 Bundesliga 2007/2008"]
[Site "Graz"]
[Date "2007.12.02"]
[Round "3"]
[Board "6"]
[White "Schachinger, Mario"]
[Black "Gerhold, Michael"]
[Result "0-1"]
[WhiteElo "2308"]
[BlackElo "2219"]
[PlyCount "88"]
[EventDate "2007.11.30"]
[EventType "team"]
[EventRounds "11"]
[EventCountry "AUT"]
[WhiteTeam "SK KlZtgMPOe Maria Saal"]
[BlackTeam "SK Absam"]

1.e4 c5 2.Nf3 Nc6 3.d4 cxd4 4.Nxd4 Nf6 5.Nc3 e5 6.Ndb5 d6 7.Bg5 a6 8.Na3 b5
9.Nd5 Be7 10.Bxf6 Bxf6 11.c3 Bg5 12.Nc2 Rb8 13.Nce3 Bxe3 14.Nxe3 O-O 15.Be2 Ne7
16.O-O Qb6 17.Bf3 Be6 18.Qd2 Rfd8 19.Rfd1 a5 20.b3 Rbc8 21.Rac1 h6 22.Qd3 a4
23.c4 bxc4 24.Nxc4 Qb4 25.Be2 axb3 26.Qxb3 Qc5 27.Qb2 Qa7 28.Rd2 d5 29.Rcd1 f6
30.Qb6 Qd7 31.exd5 Bf7 32.Qb1 Rb8 33.Qd3 Qa7 34.Ne3 Nc6 35.Qe4 Nd4 36.Bd3 g6
37.Qh4 Qe7 38.Ng4 Rb6 39.Re1 Rxd5 40.Nxh6+ Kg7 41.Nxf7 Qxf7 42.Bc4 Qd7 43.Bxd5
Qxd5 44.Rc1 Qc4

[Event "1 Bundesliga 2007/2008"]
[Site "Graz"]
[Date "2007.12.02"]
[Round "3"]
[Board "1"]
[White "Ruck, Robert"]
[Black "Balogh, Csaba"]
[Result "1/2-1/2"]
[WhiteElo "2572"]
[BlackElo "2575"]
[PlyCount "52"]
[EventDate "2007.11.30"]
[EventType "team"]
[EventRounds "11"]
[EventCountry "AUT"]
[WhiteTeam "ASVOe Wulkaprodersdorf"]
[BlackTeam "SK Advisory Invest Baden"]

1.c4 Nf6 2.Nc3 e5 3.Nf3 Nc6 4.g3 Bb4 5.Bg2 O-O 6.O-O d6 7.d3 h6 8.Bd2 Re8 9.a3
Bxc3 10.Bxc3 e4 11.Nd4 Nxd4 12.Bxd4 Bf5 13.Qd2 c5 14.Bc3 Bg6 15.d4 e3 16.fxe3
Ne4 17.Qe1 Qe7 18.Rf4 Nxc3 19.Qxc3 Qxe3+ 20.Qxe3 Rxe3 21.dxc5 dxc5 22.b4 Rb8
23.Kf2 Re7 24.Rd1 Rbe8 25.Bf3 cxb4 26.axb4 Be4

[Event "1 Bundesliga 2007/2008"]
[Site "Graz"]
[Date "2007.12.02"]
[Round "3"]
[Board "5"]
[White "Schweda, Roland"]
[Black "Stohl, Igor"]
[Result "0-1"]
[WhiteElo "2418"]
[BlackElo "2543"]
[PlyCount "96"]
[EventDate "2007.11.30"]
[EventType "team"]
[EventRounds "11"]
[EventCountry "AUT"]
[WhiteTeam "ASVOe Wulkaprodersdorf"]
[BlackTeam "SK Advisory Invest Baden"]

1.d4 Nf6 2.c4 g6 3.Nc3 d5 4.cxd5 Nxd5 5.Bd2 Nb6 6.Nf3 Bg7 7.Bg5 h6 8.Bh4 O-O
9.e3 c5 10.dxc5 N6d7 11.Be2 g5 12.Bg3 Nxc5 13.h4 Bxc3+ 14.bxc3 Qxd1+ 15.Rxd1 Ne4
16.hxg5 hxg5 17.Be5 f6 18.Bd3 Nc5 19.Bc4+ Be6 20.Bxe6+ Nxe6 21.Bg3 Rc8 22.Nd4
Ng7 23.Nb5 Nf5 24.Bh2 a6 25.Nc7 Ra7 26.g4 Ng7 27.Nd5 b5 28.f4 gxf4 29.exf4 Nc6
30.f5 Rd8 31.Ke2 Rad7 32.Bc7 Rxd5 33.Bxd8 Rxd8 34.Rxd8+ Nxd8 35.Ke3 Ne8 36.Kd4
Nd6 37.Kd5 N8f7 38.a4 Kf8 39.a5 Nc4 40.Ra1 Nd8 41.Kc5 Nb7+ 42.Kb4 Ne5 43.Rh1
Nc6+ 44.Ka3 Nbxa5 45.Rh8+ Kf7 46.Ra8 Nc4+ 47.Ka2 N6e5 48.Rxa6 Nxg4